Normal view
MARC view
- تأليف المتيوتي، صالح إبراهيم ؛ م.مشارك مروان محمد محروس المدرس
Entry Personal Name
001 - CONTROL NUMBER
- control field: 53105
003 - CONTROL NUMBER IDENTIFIER
- control field: JO-AjAnu
005 - DATE AND TIME OF LATEST TRANSACTION
- control field: 20230606082726.0
008 - FIXED-LENGTH DATA ELEMENTS
- fixed length control field: 230606|| aca||aabn | a|a d
040 ## - CATALOGING SOURCE
- Original cataloging agency: JO-AjAnu
- Transcribing agency: JO-AjAnu
100 ## - HEADING--PERSONAL NAME
- Personal name: تأليف المتيوتي، صالح إبراهيم ؛ م.مشارك مروان محمد محروس المدرس
670 ## - SOURCE DATA FOUND
- Source citation: Work cat.: (JO-AjAnu)27133: تأليف المتيوتي، صالح إبراهيم ؛ م.مشارك مروان محمد محروس المدرس , author, القانون الإداري : القرار الإداري - العقد الإداري - الوظيفة العامة - الأموال العامة، الكتاب الثاني